| 000 | 01820nam0a2200349 i 4500 | ||
|---|---|---|---|
| 001 | RU\NLR\bibl\1965201 | ||
| 005 | 20241103042849.0 | ||
| 021 |
_aRU _b2012-78652 _95837 |
||
| 035 | _a(nilc)LIBNET\0000284672 | ||
| 035 | _a(NLR Aleph) 001954146 | ||
| 090 |
_a3736035 _c3736035 |
||
| 100 | _a20121024d2012 u y0rusy50 ca | ||
| 101 | 0 | _arus | |
| 102 | _aRU | ||
| 105 | _aa ||||||||| | ||
| 200 | 1 |
_aАппаратура формирования и воспроизведения телевизионных изображений _eмонография _fГ. В. Мамчев _gФедер. агентство связи, Федер. гос. образоват. бюджет. учреждение высш. проф. образования, "Сиб. гос. ун-т телекоммуникаций и информатики" (ФГОБУ ВПО "СибГУТИ") |
|
| 210 |
_aНовосибирск _cСибГУТИ _d2012 |
||
| 215 |
_a244 с. _cил., табл. _d21 |
||
| 300 | _aНа обороте тит.л. авт.: д.т.н., проф. Мамчев Г.В. | ||
| 320 | _aБиблиогр.: с. 237-239 (47 назв.) | ||
| 606 | 1 |
_aТелевизионные камеры _91192072 _3RU\NLR\auth\66481272 |
|
| 606 |
_aВидеокамеры _92079395 _3RU\NLR\auth\661255276 |
||
| 606 | 1 |
_aТелевизионные изображения _xВоспроизведение _xАппараты и приборы _91274953 _3RU\NLR\auth\66207359 |
|
| 686 |
_a32.94-5 _vLBC/RL _2rubbk |
||
| 686 | _aЗ940.1-5 | ||
| 700 | 1 |
_aМамчев _bГ. В. _gГеннадий Владимирович _4070 |
|
| 801 | 0 |
_aRU _bНовосибирская ГОНБ _c20121024 _grcr |
|
| 801 | 1 |
_aRU _bНовосибирская ГОНБ _c20121024 |
|
| 801 | 2 |
_aRU _bNLR _c20121109 _grcr |
|
| 942 | _cBOOK | ||
| 980 | _aNBR | ||